Informática 1 /
Guardado en:
| Autor Principal: | |
|---|---|
| Otros Autores: | , , |
| Formato: | Libro |
| Publicado: |
Buenos Aires :
Santillana,
1998
|
| Materias: | |
| Etiquetas: |
Agregar Etiqueta
Sin Etiquetas, Sea el primero en etiquetar este registro!
|
| LEADER | 01195nam a22003255a 4500 | ||
|---|---|---|---|
| 001 | CEM.cems016426 | ||
| 005 | 20110524093456.0 | ||
| 008 | 130507s1998##################000#0#####d | ||
| 003 | CEMS | ||
| 020 | |a 9504605796 | ||
| 082 | 0 | 4 | |a 001.64 |
| 100 | 1 | |a Caraballo, Silvina G | |
| 245 | 1 | 0 | |a Informática 1 / |c Silvina G. Caraballo, Rosa A. Cicala y Wilson R. Santurio |
| 260 | |a Buenos Aires : |b Santillana, |c 1998 | ||
| 300 | |a 319 p. | ||
| 505 | 0 | |a Conceptos preliminares -- Sistemas operativos e interfaces -- Procesador de textos -- Planilla electrónica de cálculo -- Diseño en la computadora -- Programación -- Autopistas informáticas -- Seguridad informática y nuevas tecnologías | |
| 653 | |a Informática | ||
| 653 | |a Multimedia | ||
| 653 | |a Internet | ||
| 653 | |a Computación polimodal | ||
| 653 | |a Sistemas operativos | ||
| 653 | |a Windows | ||
| 653 | |a Utilitarios | ||
| 653 | |a Graficación | ||
| 653 | |a Programación | ||
| 700 | 1 | |a Cicala, Rosa A. | |
| 700 | 1 | |a Díaz, Bibiana H. | |
| 700 | 1 | |a Santurio, Wilson R. | |
| 859 | |a CEMS |b BIB. CEMS - Agricultura |h 001.64 |i C175 |p A0002.00 |t Ej.1 |v I |3 I | ||
| 859 | |a CEMS |b BIB. CEMS - Agricultura |h 001.64 |i C175 |p A0110.00 |t Ej.2 |v I |3 I | ||
